UBT Library

Exploring the european past: (Record no. 1356)

000 -LEADER
fixed length control field 00459nam a22001697a 4500
008 - FIXED-LENGTH DATA ELEMENTS--GENERAL INFORMATION
fixed length control field 151111b xxu||||| |||| 00| 0 eng d
020 ## - INTERNATIONAL STANDARD BOOK NUMBER
International Standard Book Number 9781426642630
020 ## - INTERNATIONAL STANDARD BOOK NUMBER
International Standard Book Number 1426642636
041 0# - LANGUAGE CODE
Language code of text/sound track or separate title eng
080 ## - UNIVERSAL DECIMAL CLASSIFICATION NUMBER
Universal Decimal Classification number 940
245 10 - TITLE STATEMENT
Title Exploring the european past:
Statement of responsibility, etc edited by: Timothy E. Gregory;
250 ## -
-- 2nd. ed.
260 ## -
-- Ohio:
-- Cengage learning:
-- 2008.
300 ## -
-- 294 f.;
-- 22 cm.
650 #0 -
-- Historia
-- Europa
942 ## - ADDED ENTRY ELEMENTS (KOHA)
Source of classification or shelving scheme
Item type Books
Holdings
Withdrawn status Lost status Source of classification or shelving scheme Damaged status Not for loan Collection code Permanent location Current location Shelving location Date acquired Total Checkouts Full call number Barcode Date last seen Koha item type
          Koleksioni i përgjithshem UBT - Lipjan UBT - Lipjan Koleksioni i përgjithshem 11/11/2015   940 EXP 002-008773 11/11/2015 Books
UBT Library © 2015-2024. All rights reserved University Education for Business and Technology